<?xml version="1.0" encoding="UTF-8"?>
<record
    xmlns:xsi="http://www.w3.org/2001/XMLSchema-instance"
    xsi:schemaLocation="http://www.loc.gov/MARC21/slim http://www.loc.gov/standards/marcxml/schema/MARC21slim.xsd"
    xmlns="http://www.loc.gov/MARC21/slim">

  <leader>01247aaa a2200241   4500</leader>
  <controlfield tag="001">78337</controlfield>
  <controlfield tag="003">BD-RjUL</controlfield>
  <controlfield tag="005">20211209083123.0</controlfield>
  <controlfield tag="008">210909s20061426su ||||| |||| 00| 0 ara d</controlfield>
  <datafield tag="020" ind1=" " ind2=" ">
    <subfield code="a">9960113663 [9789960113661]</subfield>
  </datafield>
  <datafield tag="035" ind1=" " ind2=" ">
    <subfield code="a">(BD-RjUL)78563</subfield>
  </datafield>
  <datafield tag="040" ind1=" " ind2=" ">
    <subfield code="a">BD-RjUL</subfield>
    <subfield code="b">eng</subfield>
    <subfield code="c">BD-RjUL</subfield>
    <subfield code="d">BD-RjUL</subfield>
  </datafield>
  <datafield tag="041" ind1=" " ind2=" ">
    <subfield code="a">ara</subfield>
  </datafield>
  <datafield tag="082" ind1=" " ind2=" ">
    <subfield code="2">23</subfield>
    <subfield code="a">297.811</subfield>
    <subfield code="b">SHK 2006</subfield>
  </datafield>
  <datafield tag="100" ind1="1" ind2=" ">
    <subfield code="a">  Shuwaier, Muhammad bin Saad   ;;  &#x627;&#x644;&#x634;&#x648;&#x64A;&#x639;&#x631;&#x60C; &#x645;&#x62D;&#x645;&#x62F; &#x628;&#x646; &#x633;&#x639;&#x62F;</subfield>
    <subfield code="9">247659</subfield>
  </datafield>
  <datafield tag="245" ind1="1" ind2="0">
    <subfield code="a">&#x643;&#x634;&#x627;&#x641; &#x648;&#x641;&#x647;&#x627;&#x631;&#x633;  :&#x643;&#x62A;&#x627;&#x628; &#x645;&#x62C;&#x645;&#x648;&#x639; &#x641;&#x62A;&#x627;&#x648;&#x649; &#x648;&#x645;&#x642;&#x627;&#x644;&#x627;&#x62A; &#x645;&#x62A;&#x646;&#x648;&#x639;&#x629; &#x644;&#x633;&#x645;&#x627;&#x62D;&#x629; &#x627;&#x644;&#x634;&#x64A;&#x62E; &#x639;&#x628;&#x62F; &#x627;&#x644;&#x639;&#x632;&#x64A;&#x632; &#x628;&#x646; &#x639;&#x628;&#x62F; &#x627;&#x644;&#x644;&#x647; &#x628;&#x646; &#x639;&#x628;&#x62F; &#x627;&#x644;&#x631;&#x62D;&#x645;&#x646; &#x628;&#x646; &#x628;&#x627;&#x632;    kashaf wafaharis: kitab majmue fatawaa wamaqalat mutanawieat lisamahat alshaykh eabd aleaziz bin eabd allah bin eabd alrahman bin baz /           </subfield>
    <subfield code="c"> Mohammed bin Saad Shuweir ;; &#x645;&#x62D;&#x645;&#x62F; &#x628;&#x646; &#x633;&#x639;&#x62F; &#x627;&#x644;&#x634;&#x648;&#x64A;&#x639;&#x631;</subfield>
  </datafield>
  <datafield tag="260" ind1=" " ind2=" ">
    <subfield code="a">&#x627;&#x644;&#x631;&#x64A;&#x627;&#x636; :</subfield>
    <subfield code="b">&#x627;&#x625;&#x62F;&#x627;&#x631;&#x629; &#x645;&#x62C;&#x644;&#x629; &#x627;&#x644;&#x628;&#x62D;&#x648;&#x62B; &#x627;&#x644;&#x625;&#x633;&#x644;&#x627;&#x645;&#x64A;&#x629; &#x627;&#x644;&#x631;&#x626;&#x627;&#x633;&#x629; &#x627;&#x644;&#x639;&#x627;&#x645;&#x629; &#x644;&#x644;&#x628;&#x62D;&#x648;&#x62B; &#x627;&#x644;&#x639;&#x644;&#x645;&#x64A;&#x629; &#x648;&#x627;&#x644;&#x625;&#x641;&#x62A;&#x627;&#x621;&#x60C;</subfield>
    <subfield code="c">2006</subfield>
  </datafield>
  <datafield tag="300" ind1=" " ind2=" ">
    <subfield code="a"> v. ;   [660 p]. ;</subfield>
    <subfield code="c">23 cm</subfield>
  </datafield>
  <datafield tag="505" ind1=" " ind2=" ">
    <subfield code="a">Vol. 1-2.--</subfield>
  </datafield>
  <datafield tag="650" ind1=" " ind2=" ">
    <subfield code="a">&#x627;&#x644;&#x641;&#x62A;&#x627;&#x648;&#x64A; &#x627;&#x644;&#x634;&#x631;&#x639;&#x64A;&#x629;</subfield>
    <subfield code="v">&#x641;&#x647;&#x627;&#x631;&#x633;</subfield>
    <subfield code="9">247660</subfield>
  </datafield>
  <datafield tag="650" ind1=" " ind2=" ">
    <subfield code="a">Sharia Fatwas </subfield>
    <subfield code="v">indexes </subfield>
    <subfield code="9">123045</subfield>
  </datafield>
  <datafield tag="942" ind1=" " ind2=" ">
    <subfield code="2">ddc</subfield>
    <subfield code="c">REF</subfield>
  </datafield>
  <datafield tag="999" ind1=" " ind2=" ">
    <subfield code="c">78337</subfield>
    <subfield code="d">78337</subfield>
  </datafield>
  <datafield tag="952" ind1=" " ind2=" ">
    <subfield code="0">0</subfield>
    <subfield code="1">0</subfield>
    <subfield code="2">ddc</subfield>
    <subfield code="4">0</subfield>
    <subfield code="7">1</subfield>
    <subfield code="8">REF</subfield>
    <subfield code="a">RUCL</subfield>
    <subfield code="b">RUCL</subfield>
    <subfield code="c">Reference</subfield>
    <subfield code="d">2007-10-08</subfield>
    <subfield code="e">N/A</subfield>
    <subfield code="l">0</subfield>
    <subfield code="o">AR 016.297811 SHK V-1&amp;2  2006</subfield>
    <subfield code="r">2021-09-09 00:00:00</subfield>
    <subfield code="t">C-1</subfield>
    <subfield code="w">2021-12-09</subfield>
    <subfield code="y">REF</subfield>
  </datafield>
</record>
